000 01258nam0a22002891 4500
001 v19\rc\1718456
005 20260407141519.0
035 _a(NLR Aleph) 004816677
090 _a4979448
_c4979448
100 _a20061002d1900 |||y0rusy50 ca
101 0 _arus
102 _aRU
105 _aa z |||||
200 1 _aОбъяснительная записка к экспонатам, представленным Р. Ризположенским на Всемирную выставку 1900 года в Париже
210 _aКазань
_cтипо-лит. Ун-та
_d1900
215 _a[2], 26 с.
_cил.
_d25
532 1 0 _aОбъяснительная записка к экспонатам, представленным Рафаилом Ризположенским на Всемирную выставку 1900 года в Париже
700 1 _aРизположенский
_bР.В.
_gРафаил Васильевич
712 1 2 _aВсемирная выставка
_f1900
_eПариж
_3RU\NLR\AUTH\8810009368
_9516464
801 0 _aRU
_bNLR
_gpsbo
801 0 _aRU
_bRuMoRGB
_2psbo
801 1 _aRU
_bProSoft-M
_2rusmarc
852 _aNLR
_j20.58.3.132
899 _aRuMoRGB
_jA 296/227
899 _aНБ МГУ
942 _cBOOK
980 _aNB